History Quiz

Random History or Art Quiz

People of the Millennium Quiz Stats

 Plays Quiz Updated Mar 8, 2018

Score 0/100 Timer 14:00
15 Plays Today
Life Dates Influential Person % Correct
1732-1799George Washington
83.4%
1879-1955Albert Einstein
81.6%
1451-1506Christopher Columbus
79.9%
1929-1968Martin Luther King, Jr.
78.2%
1889-1945Adolf Hitler
77.9%
1452-1519Leonardo da Vinci
77.2%
1809-1865Abraham Lincoln
76.7%
1882-1945Franklin Delano Roosevelt
75.2%
1483-1546Martin Luther
73%
1884-1962Eleanor Roosevelt
70.4%
1642-1727Isaac Newton
68.9%
1743-1826Thomas Jefferson
68.8%
1878-1953Joseph Stalin
68.2%
1847-1931Thomas Edison
67.3%
1874-1965Winston Churchill
64.8%
1869-1948Mahatma Gandhi
64.2%
1863-1947Henry Ford
60.2%
1706-1790Benjamin Franklin
58.4%
1564-1642Galileo Galilei
58.3%
1870-1924Vladimir Lenin
57.9%
1818-1883Karl Marx
55.6%
1881-1973Pablo Picasso
55.6%
1564-1616William Shakespeare
54.7%
1475-1564Michelangelo
54.3%
1533-1603Queen Elizabeth I
53.6%
20th Cen. foursomeThe Beatles
53.4%
19th/20th Cen. DuoWright brothers
52.8%
1911-2004Ronald Reagan
52.4%
1961-1997Diana, Princess of Wales
51.5%
1955-Bill Gates
51.1%
1867-1934Marie Curie
49.5%
1769-1821Napoleon Bonaparte
47.4%
1770-1827Ludwig van Beethoven
47%
1480-1521Ferdinand Magellan
46.4%
Life Dates Influential Person % Correct
1756-1791Wolfgang Amadeus Mozart
46.1%
1893-1976Mao Zedong
45.4%
1809-1882Charles Darwin
45.4%
1847-1922Alexander Graham Bell
45.1%
1723-1790Adam Smith
44.8%
1400-1468Johannes Gutenberg
44.6%
1918-2013Nelson Mandela
41.9%
1473-1543Nicolaus Copernicus
41.7%
1632-1704John Locke
40.2%
1685-1750Johann Sebastian Bach
39.8%
1856-1939Sigmund Freud
38.8%
1254-1324Marco Polo
38%
20th Cen. DuoWatson & Crick
36.9%
1027-1087William the Conqueror
34.3%
1935-1977Elvis Presley
33.2%
1822-1895Louis Pasteur
32.9%
1901-1971Louis Armstrong
32.5%
1931-Mikhail Gorbachev
31.2%
1167-1227Genghis Khan
30.7%
1596-1650René Descartes
30.1%
1820-1906Susan B. Anthony
29.9%
1694-1778Voltaire
29.6%
1412-1431Joan of Arc
29.2%
1712-1778Jean-Jacques Rousseau
28.9%
1724-1804Immanuel Kant
26.7%
1904-1967J. Robert Oppenheimer
26.7%
1460-1524Vasco da Gama
26.3%
1469-1527Niccolo Machiavelli
25.5%
1588-1679Thomas Hobbes
25.4%
1914-1995Jonas Salk
24.8%
1736-1819James Watt
23.5%
1822-1884Gregor Mendel
23.5%
1946-Steven Spielberg
23.3%
1225-1274St. Thomas Aquinas
23%
Life Dates Influential Person % Correct
1901-1966Walt Disney
22.2%
1881-1955Alexander Fleming
22%
1820-1913Harriet Tubman
21.9%
1885-1962Niels Bohr
21.5%
1265-1321Dante Alighieri
21.2%
1451-1504Queen Isabella
20.5%
1889-1977Charlie Chaplin
20.3%
1672-1725Peter the Great
18.7%
1561-1626Sir Francis Bacon
18.7%
1775-1817Jane Austen
18.6%
1015-1085Pope Gregory VII
17.9%
1901-1954Enrico Fermi
17.7%
1874-1937Guglielmo Marconi
17.6%
1820-1910Florence Nightingale
17%
1783-1830Simón Bolívar
16.6%
1882-1941James Joyce
15.2%
1791-1867Michael Faraday
15%
1815-1902Elizabeth Stanton
14.7%
195?-198?Patient Zero
13.5%
1494-1566Suleiman I
13.5%
1879-1966Margaret Sanger
13.1%
1907-1964Rachel Carson
12.7%
1749-1823Edward Jenner
12.2%
1901-1976Werner Heisenberg
11.8%
1759-1797Mary Wollstonecraft
11.6%
1578-1657William Harvey
10.9%
1791-1871Charles Babbage
10.7%
1875-1948D.W. Griffith
10.1%
1873-1921Enrico Caruso
9.3%
1903-1967Gregory Pincus
8%
1787-1851Louis Daguerre
7.9%
1889-1982Vladimir Zworykin
7.8%

You're not logged in!

Compare scores with friends on all Sporcle quizzes.
OR
Log In

Sporcle TV

Today on Sporcle TV


Watch our educational content, quiz creation guides, and fun videos on Sporcle TV.

Show Comments

Extras

Top Quizzes Today


Score Distribution

Your Account Isn't Verified!

In order to create a playlist on Sporcle, you need to verify the email address you used during registration. Go to your Sporcle Settings to finish the process.

Report this User

Report this user for behavior that violates our Community Guidelines.

Details: